Sổ tay người du lịch lữ hành
Sách giới thiệu những kiến thức cơ bản ứng dụng trong du lịch: các kĩ thuật dựng lều trại, kĩ thuật leo núi; các thực phẩm ăn được và độc; các phương pháp sơ cứu khi bị tai nạn...
সংরক্ষণ করুন:
| প্রধান লেখক: | |
|---|---|
| বিন্যাস: | গ্রন্থ |
| ভাষা: | Undetermined |
| প্রকাশিত: |
Tp. HCM
Trẻ
1997
|
| বিষয়গুলি: | |
| ট্যাগগুলো: |
ট্যাগ যুক্ত করুন
কোনো ট্যাগ নেই, প্রথমজন হিসাবে ট্যাগ করুন!
|
| Thư viện lưu trữ: | Trung tâm Học liệu Trường Đại học Cần Thơ |
|---|
| LEADER | 00774nam a2200181Ia 4500 | ||
|---|---|---|---|
| 001 | CTU_22688 | ||
| 008 | 210402s9999 xx 000 0 und d | ||
| 082 | |a 796.5 | ||
| 082 | |b S600 | ||
| 100 | |a Nguyễn Tấn Sỹ | ||
| 245 | 0 | |a Sổ tay người du lịch lữ hành | |
| 245 | 0 | |c Nguyễn Tấn Sỹ | |
| 260 | |a Tp. HCM | ||
| 260 | |b Trẻ | ||
| 260 | |c 1997 | ||
| 520 | |a Sách giới thiệu những kiến thức cơ bản ứng dụng trong du lịch: các kĩ thuật dựng lều trại, kĩ thuật leo núi; các thực phẩm ăn được và độc; các phương pháp sơ cứu khi bị tai nạn... | ||
| 650 | |a outdoor life,tourist | ||
| 980 | |a Trung tâm Học liệu Trường Đại học Cần Thơ | ||